Romanian Nouns: Body Parts - Statistics

General Stats
  • This quiz has been taken 99 times
    45 since last reset
  • The average score is 35 of 64
Answer Stats
Română English % Correct
Nas Nose
92%
Braț Arm
83%
Ureche Ear
83%
Ochi Eye
83%
Palmă Palm
83%
Stomac Stomach
83%
Spate Back
75%
Barbă Beard
75%
Sânge Blood
75%
Corp/Trup Body
75%
Față/Chip Face
75%
Degete Fingers
75%
Picior (also leg) Foot
75%
Frunte Forehead
75%
Păr Hair
75%
Cap/Țeastă Head
75%
Inimă Heart
75%
Picior (also foot) Leg
75%
Gură Mouth
75%
Gât (also throat) Neck
75%
Umăr Shoulder
75%
Burtă Belly
67%
Fese Butt
67%
Obraz Cheek
67%
Genunchi Knee
67%
Unghii Nails
67%
Dinți Teeth
67%
Deget mare Thumb
67%
Unghie de la picior Toenail
67%
Os Bone
58%
Creier Brain
58%
Unghia degetului Fingernail
58%
Mâini/Mână (singular) Hands
58%
Mușchi Muscle
58%
Piele Skin
58%
Gâtul Throat
58%
Degete de la picior Toes
58%
Limbă Tongue
58%
Încheietura mâinii Wrist
58%
Bărbie Chin
50%
Cot Elbow
50%
Sprâncene Eyebrows
50%
Gene Eyelashes
50%
Pumn Fist
50%
Buze/Buză (singular) Lips
50%
Mustață Moustache
50%
Piept Chest
42%
Șolduri Hips
42%
Talie Waist
42%
Glezne Ankles
33%
Axilă/Subsuoară Armpit
33%
Vârful degetului Fingertip
33%
Nodițe/Încheieturi ale degetelor Knuckles
33%
Membre ale corpului Limbs
33%
Coapsă Thigh
33%
Gropiță Dimple
17%
Barbă de bivol/Barbă mică Goatee
17%
Călcâi Heel
17%
Ombilic/Buric (also belly button) Navel
17%
Tibie Shin
17%
Șold/Pulpă Haunch
8%
Fund/Mușchiul posterior Rump
8%
Pete/Șuvițe laterale/Pete de barbă pe lateral Sideburns
8%
Trunchi Torso
8%
No matching quizzes found
Score Distribution
Percent of People with Each Score
Percentile by Number Answered
Your Score History
You have not taken this quiz since the last reset